Welcome to the Holygrace Academy Library

Please use search bar below to get started

COMPREHENSIVE SCIENCE AND TECHNOLOGY CHEMISTRY (Record no. 909)

MARC details
000 -LEADER
fixed length control field 00341nam a22001337a 4500
020 ## - INTERNATIONAL STANDARD BOOK NUMBER
ISBN 81-318-0001-6
082 ## - DEWEY DECIMAL CLASSIFICATION NUMBER
Classification number 540
Item number VER/S
100 ## - MAIN ENTRY--AUTHOR NAME
Personal name Dr.N.K VERMA
245 ## - TITLE STATEMENT
Title COMPREHENSIVE SCIENCE AND TECHNOLOGY CHEMISTRY
Remainder of title FOR CLASS IX
260 ## - PUBLICATION, DISTRIBUTION, ETC. (IMPRINT)
Place of publication DELHI
Name of publisher LAXMI PUBLICATIONS
300 ## - PHYSICAL DESCRIPTION
Number of Pages 147
650 ## - SUBJECT ADDED ENTRY--TOPICAL TERM
Topical Term CHEMISTRY FOR CLASS IX
Geographic subdivision INDIA
942 ## - ADDED ENTRY ELEMENTS (KOHA)
Koha item type Books
Holdings
Withdrawn status Lost status Collection code Home library Current library Shelving location Date acquired Source of acquisition Cost, normal purchase price Full call number Accession Number Koha item type
    Reference Main Library Main Library SHELF 7C CLASS IX SCIENCE&PHYSIC 21/12/2009 purchase 60.00 540 VER/S 04876 Books